Афиши о сборах со спектаклей, даваемых господином Готье

Доступно только в Электронных читальных залах Найти на картеНа карте
RUSMARC
00003979nmc2a22000003x 450
00197545afb-eda1-4a8b-bca6-ec0ac63cd8fe
00520181005184353.0
100##$a20161221l18181818k l0rusy0189 ca
1010#$arus
$ager
102##$aRU
2001#$aАфиши о сборах со спектаклей, даваемых господином Готье
$j14 марта - 6 апреля 1818 г.
251##$cДело
300##$aНа русском и немецком языках
300##$aОриг. заголовок дела: Дело о сборах с представлений господина Готье. 14 марта 1818 г. - 6 апреля 1818 г
801#0$aRU
$bРГИА
$c20161221
$gRCR
801#1$aRU
$bГлавНИВЦ
$c20161221
$2rusmarc
801#2$aRU
$bПБ им. Б.Н. Ельцина
$c20181005
$gRCR
$2rusmarc
850##$aРГИА
852##$aРГИА
$eФедеральное казенное учреждение "Российский государственный исторический архив" (РГИА)
$j1736
937##$hРГИА
$d12236816
$aASBIBLIO_SCAN
462#0$1001dd3991dc-24e1-42ec-8838-ca4255420416
$12001
$a1746-1850 гг.
$1251
$cОпись
$1852
$j1
461#0$10019264ebf8-de62-4f1a-9eb4-9f22098dbbd5
$12001
$aДирекция императорских театров МИДв
$1251
$cФонд
$1852
$j497
215##$a106 л.
$d36,5х26 см
371##$aДокумент не является опубликованным и широко распространяемым
5171#$aДело о сборах с представлений господина Готье. 14 марта 1818 г. - 6 апреля 1818 г
105##$ay###
1222#$ad
035##$a97545afb-eda1-4a8b-bca6-ec0ac63cd8fe
856##$uhttp://readingroom.main.prlib.ru/item.aspx?id_node=n118979701&mode=full
Формат отображения